000
00232nam a22000857a 4500
999
_c
11146
_d
11146
008
180924b ||||| |||| 00| 0 eng d
100
_a
GOYAL K. KAUSHAL
_9
6909
245
_a
BILL GATES A BIOGRAPHY
260
_a
NEW DELHI
_b
PIGEON BOOKS
_c
2018